Artecontexto/ (Record no. 3391)

MARC details
000 -LEADER
campo de control de longitud fija 01888nam a22004817a 4500
003 - IDENTIFICADOR DE NÚMERO DE CONTROL
campo de control OSt
005 - FECHA Y HORA DE LA ÚLTIMA TRANSACCIÓN
campo de control 20230420091131.0
008 - DATOS DE LONGITUD FIJA--INFORMACIÓN GENERAL
campo de control de longitud fija 221006b |||||||| |||| 00| 0 eng d
040 ## - FUENTE DE CATALOGACIÓN
Centro/agencia transcriptor Biblioteca Lado V
082 ## - NÚMERO DE LA CLASIFICACIÓN DECIMAL DEWEY
Número de clasificación 701.18
Número de ítem M984a
100 ## - ENTRADA PRINCIPAL--NOMBRE DE PERSONA
9 (RLIN) 801
Nombre de persona Murria, Alicia
Término indicativo de función/relación editor
-- director
245 ## - MENCIÓN DEL TÍTULO
Título Artecontexto/
Resto del título Arte, cultura, nuevos medios/
260 ## - PUBLICACIÓN, DISTRIBUCIÓN, ETC.
Nombre del editor, distribuidor, etc. Asociación de Revistas Culturales de España
Fecha de publicación, distribución, etc. 2003
Lugar de publicación, distribución, etc. Madrid
300 ## - DESCRIPCIÓN FÍSICA
Dimensiones 22x22cm
Extensión 146p.
366 ## - INFORMACIÓN SOBRE DISPONIBILIDAD COMERCIAL
Nota fre
366 ## - INFORMACIÓN SOBRE DISPONIBILIDAD COMERCIAL
Nota eng
490 ## - MENCIÓN DE SERIE
Designación de volumen o secuencia 2003
Número Internacional Normalizado para Publicaciones Seriadas 1697-2341
Mención de serie 1
505 ## - NOTA DE CONTENIDO CON FORMATO
Título Primera Pagina
Nota de contenido con formato Alicia Murria
505 ## - NOTA DE CONTENIDO CON FORMATO
Título Dossier: Arte publico
505 ## - NOTA DE CONTENIDO CON FORMATO
Título Usos, abusos y desusos del espacio publico
505 ## - NOTA DE CONTENIDO CON FORMATO
Título Ciudades, ciudades, ciudades: Actos de antropología en los espacios públicos
505 ## - NOTA DE CONTENIDO CON FORMATO
Título La tierra
505 ## - NOTA DE CONTENIDO CON FORMATO
Título Restos de territorios y nuevos desiertos
505 ## - NOTA DE CONTENIDO CON FORMATO
Título La acción urbana como forma de resistencia estético-politico
505 ## - NOTA DE CONTENIDO CON FORMATO
Título Un caso paradójico: la "deprivatización" del territorio empresarial
505 ## - NOTA DE CONTENIDO CON FORMATO
Título Interacciones con el espacio publico: poéticas políticas
505 ## - NOTA DE CONTENIDO CON FORMATO
Título El eterno murmullo en mi interior
505 ## - NOTA DE CONTENIDO CON FORMATO
Título Las cosas que deben mirarse
505 ## - NOTA DE CONTENIDO CON FORMATO
Título Cibercontexto
505 ## - NOTA DE CONTENIDO CON FORMATO
Título Noticias
505 ## - NOTA DE CONTENIDO CON FORMATO
Título Criticas de exposiciones
505 ## - NOTA DE CONTENIDO CON FORMATO
Título Libros
650 ## - PUNTO DE ACCESO ADICIONAL DE MATERIA--TÉRMINO DE MATERIA
Fuente del encabezamiento o término Tesauro de Arte & Arquitectura
Término de materia o nombre geográfico como elemento de entrada ARTE
9 (RLIN) 703
650 ## - PUNTO DE ACCESO ADICIONAL DE MATERIA--TÉRMINO DE MATERIA
Fuente del encabezamiento o término Tesauro de Arte & Arquitectura
Término de materia o nombre geográfico como elemento de entrada EXPOSICIONES
650 ## - PUNTO DE ACCESO ADICIONAL DE MATERIA--TÉRMINO DE MATERIA
Fuente del encabezamiento o término Tesauro de Arte & Arquitectura
Término de materia o nombre geográfico como elemento de entrada CULTURA
650 ## - PUNTO DE ACCESO ADICIONAL DE MATERIA--TÉRMINO DE MATERIA
Fuente del encabezamiento o término Tesauro de Arte & Arquitectura
Término de materia o nombre geográfico como elemento de entrada APRECIACION
650 ## - PUNTO DE ACCESO ADICIONAL DE MATERIA--TÉRMINO DE MATERIA
Fuente del encabezamiento o término Tesauro de Arte & Arquitectura
Término de materia o nombre geográfico como elemento de entrada TEORIA
650 ## - PUNTO DE ACCESO ADICIONAL DE MATERIA--TÉRMINO DE MATERIA
Fuente del encabezamiento o término Tesauro de Arte & Arquitectura
Término de materia o nombre geográfico como elemento de entrada CRITICA
650 ## - PUNTO DE ACCESO ADICIONAL DE MATERIA--TÉRMINO DE MATERIA
Fuente del encabezamiento o término Tesauro de Arte & Arquitectura
Término de materia o nombre geográfico como elemento de entrada FOTOGRAFIA
9 (RLIN) 702
650 ## - PUNTO DE ACCESO ADICIONAL DE MATERIA--TÉRMINO DE MATERIA
Fuente del encabezamiento o término Tesauro de Arte & Arquitectura
Término de materia o nombre geográfico como elemento de entrada LITERATURA
650 ## - PUNTO DE ACCESO ADICIONAL DE MATERIA--TÉRMINO DE MATERIA
Fuente del encabezamiento o término Tesauro de Arte & Arquitectura
Término de materia o nombre geográfico como elemento de entrada ESPAÑA
942 ## - ELEMENTOS DE ENTRADA SECUNDARIOS (KOHA)
Fuente del sistema de clasificación o colocación Clasificación Decimal Dewey
Tipo de ítem Koha Libros
Parte de la signatura que corresponde a la clasificación (Parte de la clasificación) 701.18
Parte de la signatura que identifica el ejemplar (Parte del ítem) M984a
Suprimir en OPAC No
Holdings
Estatus retirado Estado de pérdida Fuente del sistema de clasificación o colocación Especificación de materiales (volumen encuadernado u otra parte) Estado de daño No para préstamo Colección Biblioteca de origen Biblioteca actual Fecha de adquisición Enumeración/cronología de publicación seriada Número de inventario Total de préstamos Signatura topográfica completa Código de barras Visto por última vez Precio de reemplazo Tipo de ítem Koha
    Clasificación Decimal Dewey 2003     Revistas Biblioteca LadoV Biblioteca LadoV 20/04/2023 1 003546   701.18 M984a 003546 20/04/2023 20/04/2023 Libros